Normal view MARC view

Entry Nome pessoal

Number of records used in: 1

001 - NÚMERO DE CONTROLE

  • campo de controle: 1027

003 - IDENTIFICADOR DO NÚMERO DE CONTROLE

  • campo de controle: Br

005 - DATA E HORÁRIO DA ÚLTIMA TRANSAÇÃO

  • campo de controle: 20250902140930.0

008 - CAMPO DE DADOS FIXOS

  • campo de controle de tamanho fixo: 990712|| acnnnaab| aaaa d

035 ## - NÚMERO DE CONTROLE DO SISTEMA

  • Número de Controle do Sistema: 99071210323362042

040 ## - FONTE DA CATALOGAÇÃO

  • Instituição da catalogação original: Br
  • Instituição que transcreveu o registro: Br
  • Convenções de cabeçalho de assunto/tesauros: Br

100 1# - CABEÇALHO--NOME PESSOAL

  • Nome pessoal: Andrade, Floro Freitas de,
  • Datas associadas ao nome: 1933-

400 1# - REMISSIVA VER--NOME PESSOAL

  • Nome pessoal: Freitas de Andrade, Floro
  • Datas associadas ao nome: 1933-

670 ## - FONTE POSITIVA DOS DADOS

  • Citação da fonte positiva dos dados: Autor de: O fazedor de cercas. 1981.
  • Dados encontrados na fonte localizada no subcampo: (orelha : d.n.)

675 ## - FONTE NEGATIVA DOS DADOS

  • Citação da fonte positiva dos dados: Índice
  • Citação da fonte positiva dos dados: LC ac. list. 75/82 ago.
  • Citação da fonte positiva dos dados: LC microfichas 77/81 set.
  • Citação da fonte positiva dos dados: Dic. lit. bras.

Powered by Koha